| 000 | 00812nam a2200265Ia 4500 | ||
|---|---|---|---|
| 001 | Para_3953 | ||
| 003 | CHAP | ||
| 008 | 220125s1965 xx 000 0 und d | ||
| 010 | _a202475 | ||
| 040 | _cCHAP | ||
| 090 | _aPA FOLLETO 1348 | ||
| 100 |
_aBrook, Ted S. _915556 |
||
| 245 |
_aInsecticide resitant spider mites on cottonn in Mississippi / _c Ted S. Brook |
||
| 260 |
_aState College, Miss : _b Mississippi State University |
||
| 300 | _a2 p. | ||
| 440 |
_aMississippi Agr. Exp. Sta. Information Sheet; 893 _9167700 |
||
| 650 |
_aInsectos _x Resistencia a insecticidas Algodón _x Plagas _9167701 |
||
| 901 | _aPA FOLLETO 1348 | ||
| 902 | _aA | ||
| 905 | _a0000001965 STA 0000000000 00 | ||
| 910 | _a1965 | ||
| 942 | _cPARA | ||
| 942 |
_cPARA _d1 |
||
| 999 |
_c202475 _d202475 |
||